000 01888cam a2200289 i 4500
001 18062691
003 OSt
005 20210414114236.0
008 140311s2013 gh a b 001 0 eng
010 _a 2013441597
020 _a9789988647599
040 _aDLC
_beng
_cDLC
_erda
042 _alcode
_apcc
043 _af------
050 0 0 _aDT19.8.A32
245 0 0 _aAfrica in contemporary perspective :a textbook for undergraduate students. /
_cedited by Takyiwaa Manuh and Esi Sutherland-Addy.
260 _aGhana:
_bSaharan Publishers,
_c2013.
300 _axviii, 510 pages.:
_billustrations (chiefly color) ;
_c25 cm.
500 _aIncludes bibliographical references and index.
505 _aContents: Geography of africa -- The population of sub-saharah africa -- Language and africa -- Gender and society in africa -- Africa and its diaspora -- The culture framework of development -- African worldviews -- Islam and Christianity in africa -- Traditional and modern leadership in africa -- Development theory and african society:an introduction -- Agricultural development in africa -- Human security in africa -- Political economy of development and policy outcomes -- In search of health and well-being in africa -- Environment and development in sub-saharan -- Science and technology for africa -- The heritage of literary arts in africa -- An exploration of african art -- Dance symbolism in africa -- Music in african communities -- A historical review of popular entertainment in sub-saharan africa -- A guide to select reference source in africa studies
651 0 _aAfrica
_xHistory
_xStudy and teaching (Higher)
700 1 _aManuh, Takyiwaa,
_eeditor of compilation.
700 1 _aSutherland-Addy, Esi,
_eeditor of compilation.
906 _a7
_bcbc
_corigode
_d3
_encip
_f20
_gy-gencatlg
942 _2lcc
_cBK
999 _c3143
_d10643